000 00915nam a22002297a 4500
005 20240530110901.0
008 220209s2010 ua b 000 0 ara d
017 _bمصر. دار الكتب
_a2010/2589
040 _aEG-CaGPL
_cEG-CaGPL
082 0 4 _221
_a302.23/
_bم أ
100 1 _aمايولا ، جيوفانا
245 1 0 _aاى دور للاعلام فى تغطية الانتخابات العامة :
_cاعداد جيوفانا مايولا ، صبحى عسيلة
_bدليل حول الممارسات المحلية والدولية /
250 _aط.1
260 _aالقاهرة :
_bمركز القاهرة لدراسات حقوق الانسان ،
_c2010
300 _a170 ص؛
_c24 سم
490 0 _aقضايا حركية ؛
_v25
650 0 4 _2qrmak
_aالانتخابات
651 _2qrmak
700 0 _aصبحى عسيلة
_eمعد مشارك
942 _2ddc
_cBK
999 _c66124
_d66124